DC Characters by Picture #3 - Statistics

General Stats
  • This quiz has been taken 220 times
  • The average score is 16 of 20
Answer Stats
Picture Answer % Correct
Bane
92%
The Riddler
92%
Two-Face
92%
Poison Ivy
91%
Black Adam
90%
Hawkman
90%
Mr. Freeze
89%
The Atom
81%
Doctor Fate
79%
Black Manta
78%
Sinestro
78%
Alfred Pennyworth
76%
Red Tornado
73%
Ra's al Ghul
70%
Solomon Grundy
70%
Doomsday
68%
John Constantine
65%
John Stewart
65%
Stargirl
62%
Miss Martian
52%
No matching quizzes found
Score Distribution
Percent of People with Each Score
Percentile by Number Answered
Your Score History
You have not taken this quiz